| 000 | 01154nam a2200253 i 4500 | ||
|---|---|---|---|
| 001 | 27363 | ||
| 003 | ES-MaACL | ||
| 005 | 20250630135309.0 | ||
| 007 | t| | ||
| 008 | 030114s1930 sp |||| | spa d | ||
| 080 | _a821.134.2-4"19" | ||
| 100 | 1 |
_aAzaña, Manuel, _d1880-1940 _924223 |
|
| 245 | 1 | 0 |
_aPlumas y palabras / _cManuel Azaña. |
| 260 |
_aMadrid : _bCompañía Iberoamericana de Publicaciones, _c[1930] ( _fCía. Gral. de Artes Gráficas) |
||
| 300 |
_a339 p. ; _c18 cm. |
||
| 505 | 8 | _aContiene: Revistas: El idearium de Ganivet, Arclepigenia y la experiencia amatoria de D. Juan Valera, Jorge Borrow y la Biblia en España ; Objeciones: Almanzor, Los curas oprimidos... ; Palabras sin libertad: Una constitución en busca de autor, La inteligencia y el carácter en la acción política..., Todavía el 98...; Madrid | |
| 505 | 8 | _aCon referencias al Ateneo de Madrid | |
| 530 | _aDisponible en formato digital. | ||
| 852 | 4 |
_aES-MaACL _jA-3221 _cSPP1 |
|
| 852 | 4 |
_aES-MaACL _jC-23019 _cDEPO2 |
|
| 856 | 4 |
_uhttp://bdh-rd.bne.es/viewer.vm?id=0000256584&page=1 _yBiblioteca Digital Hispánica |
|
| 942 | _2udc | ||
| 999 |
_c27363 _d27363 |
||